[Event "Bad Bevensen Seniors op 12th"]
[Site "Bad Bevensen"]
[Date "2009.07.09"]
[Round "3"]
[White "Berg, Gerd"]
[Black "Buck, Klaus Michael"]
[Result "0-1"]
[WhiteElo "1415"]
[BlackElo "1664"]
[PlyCount "34"]
[EventDate "2009.07.07"]
[EventType "swiss"]
[EventRounds "9"]
[EventCountry "GER"]
[SourceTitle "EXT 2022"]
[Source "ChessBase"]
[SourceDate "2021.10.06"]
[SourceVersion "1"]
[SourceVersionDate "2021.10.06"]
[SourceQuality "1"]

1. c4 e6 2. Nc3 Nf6 3. d4 d5 4. e3 c6 5. Nf3 Bb4 6. Bd2 Bxc3 7. Bxc3 Nbd7 8. b3 Ne4 9. Bb2 Ndf6 10. Bd3 Qa5+ 11. Kf1 dxc4 12. Bxc4 Nd5 13. Qe1 Qxe1+ 14. Nxe1 h6 15. h4 Ne7 16. Ke2 Bd7 17. Nf3 b5 0-1

[Event "Berlin qualification op"]
[Site "Berlin"]
[Date "2009.04.11"]
[Round "1"]
[White "Strehlow, Horst"]
[Black "Berg, Gerd"]
[Result "1-0"]
[WhiteElo "2129"]
[BlackElo "1665"]
[PlyCount "81"]
[EventDate "2009.04.11"]
[EventType "swiss"]
[EventRounds "9"]
[EventCountry "GER"]
[SourceTitle "EXT 2012"]
[Source "ChessBase"]
[SourceDate "2011.11.24"]
[SourceVersion "1"]
[SourceVersionDate "2011.11.24"]
[SourceQuality "1"]

1. e4 c5 2. Nf3 d6 3. d4 cxd4 4. Nxd4 Nc6 5. c4 e6 6. Nc3 a6 7. Be2 Qc7 8. 0-0 Nxd4 9. Qxd4 Bd7 10. Be3 Ne7 11. Rac1 Nc6 12. Qd2 Ne5 13. b3 Be7 14. f4 Ng6 15. g3 0-0 16. Bf3 Bc6 17. Nd5 Bxd5 18. cxd5 Qd7 19. dxe6 fxe6 20. Bg4 Nh8 21. f5 Qb5 22. fxe6 Rxf1+ 23. Rxf1 Rf8 24. Rxf8+ Kxf8 25. Qf2+ Kg8 26. Be2 Qe5 27. Qf5 Qa1+ 28. Bf1 Qf6 29. Qd5 Qc3 30. Bf4 Ng6 31. Bxd6 Qe3+ 32. Kg2 Qg5 33. Qxg5 Bxg5 34. Bc4 Be7 35. e5 Kf8 36. Bd5 b6 37. Kf3 Ke8 38. Ke4 Nf8 39. a4 Kd8 40. Bc4 a5 41. Kd5 1-0

[Event "Berlin-ch Seniors op 25th"]
[Site "Berlin"]
[Date "2009.02.18"]
[Round "7"]
[White "Berg, Gerd"]
[Black "Platow, Gerd"]
[Result "1/2-1/2"]
[WhiteElo "1679"]
[BlackElo "1454"]
[PlyCount "52"]
[EventDate "2009.02.12"]
[EventType "swiss"]
[EventRounds "9"]
[EventCountry "GER"]
[SourceTitle "EXT 2022"]
[Source "ChessBase"]
[SourceDate "2021.10.06"]
[SourceVersion "1"]
[SourceVersionDate "2021.10.06"]
[SourceQuality "1"]

1. c4 e5 2. Nc3 Nf6 3. d3 d6 4. g3 Nc6 5. Nf3 Be7 6. Bg2 0-0 7. 0-0 h6 8. a3 Nh5 9. Nd5 f5 10. e3 Nf6 11. Nxe7+ Qxe7 12. b4 a6 13. Re1 Bd7 14. Bb2 Rab8 15. Rc1 Nd8 16. c5 Bc6 17. Nh4 Qe6 18. cxd6 cxd6 19. Bxc6 Nxc6 20. Qc2 Nd7 21. Qc3 Rbc8 22. Qd2 Ne7 23. Ng2 Rc6 24. d4 Rfc8 25. Rxc6 Rxc6 26. Rc1 Qd5 1/2-1/2